000 00365nam a2200133Ia 4500
005 20260326100034.0
008 260326s9999||||xx |||||||||||||| ||und||
100 _aCornish A., María Laura
245 0 _aEl ABC de los plásticos /
_cMaría Laura Cornish A.
260 _bUniversidad Iberoaméricana
300 _a138 p.
650 _aDISEÑO INDUSTRIAL
942 _cBK
999 _c6729
_d6729